Estadísticas para Películas de ciencia ficción y fantasía en emojis (Parte 1)

Haz click aquí para intentar la prueba.

Estadísticas generales

  • Esta prueba ha sido intentada 122 veces
    (10 desde el último reinicio)
  • La puntuación promedio es 10 de 20

Estadísticas de respuestas

Respuesta% Correcto
Charlie y la fábrica de chocolate
89%
El joven manos de tijera
89%
E.T.
89%
Harry Potter
89%
King Kong
89%
Parque Jurásico
89%
El planeta de los simios
78%
El señor de los anillos
78%
El mago de Oz
67%
El día de la marmota
56%
La brújula dorada
56%
Godzilla
44%
Interestelar
44%
Duna
33%
Ella
33%
2001: Odisea del espacio
22%
Avatar
0%
Distrito 9
0%
Encuentros cercanos del tercer tipo
0%
La llegada
0%

Distribución de puntuación

Porcentaje por número respondido

Porcentaje de gente con cada puntuación

Historial de tus puntuaciones

No has intentado esta prueba desde el último reinicio